000 00338nam a2200145 4500
999 _c9434
_d9434
003 OSt
005 20210420142854.0
008 210420b ||||| |||| 00| 0 eng d
020 _a9781948765206
082 _a720.5
_bJOA
100 _aMitchell joachim
245 _aDesign with life
260 _aNew york
_bActor publishers
942 _2ddc